Томск - в прошлом, настоящем, будущем; Актуальные проблемы гуманитарных наук

Sonraí bibleagrafaíochta
Parent link:Актуальные проблемы гуманитарных наук.— 2005.— С. 394-396
Príomhchruthaitheoir: Федотова К. Г.
Teanga:Rúisis
Foilsithe / Cruthaithe: 2005
Ábhair:
Formáid: MixedMaterials Caibidil leabhair
KOHA link:https://koha.lib.tpu.ru/cgi-bin/koha/opac-detail.pl?biblionumber=140027

MARC

LEADER 00000naa2a2200000 4500
001 140027
005 20231031141933.0
035 |a (RuTPU)RU\TPU\book\151697 
090 |a 140027 
100 |a 20080618d2005 k y0rusy50 ca 
101 0 |a rus 
102 |a RU 
200 1 |a Томск - в прошлом, настоящем, будущем  |f К. Г. Федотова 
463 0 |0 (RuTPU)RU\TPU\book\118298  |t Актуальные проблемы гуманитарных наук  |o труды IV международной научно-практической конференции студентов, аспирантов и молодых ученых, 20-21 апреля 2005, Томск  |f Томский политехнический университет  |v С. 394-396  |d 2005  |p 458 с. 
610 1 |a Томская область 
610 1 |a Томск 
610 1 |a развитие 
610 1 |a история 
610 1 |a Миссия 
610 1 |a Томский политехнический университет 
610 1 |a факультеты 
610 1 |a гуманитарный факультет 
610 1 |a специальности 
610 1 |a вузы 
610 1 |a труды учёных ТПУ 
700 1 |a Федотова  |b К. Г. 
801 1 |a RU  |b 63413507  |c 20080618  |g PSBO 
942 |c BK